Quizzes
Events
Quiz Creation
Community
Videos
Private Events
Remove Ads
Sign In
Join for FREE
Feedback
Dark Mode
Quiz Categories
Sports
Geography
Music
Movies
Television
Just For Fun
Miscellaneous
History
Literature
Language
Science
Gaming
Entertainment
Religion
Holiday
For Kids
Quiz Lab
Recent
Popular Today
Quiz Kudos Today
Editor Picks
Curator Picks
Quizzes by...
Day
Popularity
Type
Ratings
Length
Year
Community
Subscriptions
Recent Discussions
Orange Saloon
Badges
Playlists
Quests
Create
Leaderboards
Showdown
Live 5
Trivia Bingo
Activity
Puzzle Library
Sporcle Events
Private Events
Virtual Trivia
Globe League
Become a Host
Pub Owners
SporcleCon
Opinionation
Our Games
Videos
Blog
Mobile Apps
Partnerships
Remove Ads and Go Orange
Feedback
Gaming
Video Games
Board Games
Card Games
Pokémon
Mario
Nintendo
Minecraft
Console
Toys
Legend of Zelda
Gaming
Video Games
Board Games
Card Games
Pokémon
Mario
Nintendo
Minecraft
Console
Toys
Legend of Zelda
Random Quiz
Search Sporcle
×
Quiz Lab
Quiz Lab
Gaming
dungeon
Type in answers that appear in a list
Type in answers that appear in a list
Classic
Best Score? Go Orange.
Dungeons from these RPGs #1 Stats
Can You Name the Dungeons from these Various RPGs?
By
sparkman
25m
321 Questions
171 Plays
171 Plays
171 Plays
Comments
Comments
Give Quiz Kudos
Give Quiz Kudos
-
- Ratings
hide this ad
Replay
Link that replays current quiz
Next Quiz
Link to next quiz in quiz playlist
You Got
0%
They Got
Avg Score
78%
Avg Friend Score
Upgrade to see
Score Distribution
Jump to the score distribution portion of the page
Score
0/321
Timer
25:00
0
Plays Today
% Correct
Angel Village Passageway
93.6%
Fire Cavern
92.4%
Inside Sin
92.4%
Ultimecia Castle
91.8%
Desert of Death
91.8%
Tower
91.8%
Desert of Doom
91.8%
Besaid Temple
90.6%
Kilika Temple
90.6%
Palace of Darkness
90.6%
Macalania Temple
90.1%
Bevelle Temple
90.1%
Tomb
90.1%
Ice Cavern
90.1%
Mu
90.1%
Ice Cavern
90.1%
Dwarf Trail
89.7%
The Great Forest
89.5%
Mt Nibel
89.5%
Shinra HQ
89.5%
Galbadia Garden
89.5%
Baaj Temple
89.5%
Ganon's Castle
89.5%
Bowser's Castle
89.5%
Ganon's Castle
89.5%
Mako Reactor No-1
88.9%
Mako Reactor No-5
88.9%
The Underwater Reactor
88.9%
Tomb of the Unknown King
88.9%
Lunatic Pandora
88.9%
Deku Tree
88.9%
Ice Cavern
88.9%
Water Temple
88.9%
Eastern Palace
88.9%
Turtle Rock
88.9%
Turtle Rock
88.9%
Neclord's Castle
88.3%
Gregminster Palace
88.3%
Mythril Mine
88.3%
Nibelheim-Shinra Mansion
88.3%
Deling City-Sewers
88.3%
Djose Temple
88.3%
Cavern of the Stolen Fayth
88.3%
Jabu Jabu's Belly
88.3%
Forest Temple
88.3%
Fire Temple
88.3%
Spirit Temple
88.3%
Desert Palace
88.3%
Tower of Hera
88.3%
Sewers
88.3%
Temple of the Ancients
88%
Chedo
87.9%
Magician's Island
87.7%
Mt Seifu
87.7%
Mt Tigerwolf
87.7%
Toran Castle
87.7%
Dwarves Vault
87.7%
Soniere Prison
87.7%
Moravia Castle
87.7%
Cosmo Canyon-Cave of the Gi
87.7%
The Great Glacier
87.7%
Sector-8
87.7%
Centra Ruins
87.7%
D-District Prison
87.7%
Omega Ruins
87.7%
Coastal Cave
87.7%
Temple of Bu
87.7%
Dodongo's Cavern
87.7%
Shadow Temple
87.7%
Ice Palace
87.7%
Swamp Palace
87.7%
Desert Palace
87.7%
Kouan-Lepant's Mansion
87.1%
Scarleticia Castle
87.1%
Kalekka
87.1%
Qlon
87.1%
Dragon's Den
87.1%
Mt Corel
87.1%
Galbadia Missile Base
87.1%
The Great Tree
87.1%
Bonaire's Dream
87.1%
Kline's Dream
87.1%
Giles' Dream
87.1%
Meia's Dream
87.1%
Tower of Babel
87.1%
Misery Mire
87.1%
Tower of Babel
87.1%
Cave of the Phoenix
87.1%
Seek Valley
86.5%
Shazarazade
86.5%
Northern Crater
86.5%
Sewers
86.5%
Sunken Gelnika Ship
86.5%
Dollet-Communications Tower
86.5%
Murgg Woods
86.5%
Lizard Lair
86.5%
Nava's Keep & Nava's Island
86.5%
Wendell's Dream
86.5%
Bergus & Nestus' Dream
86.5%
Ice Palace
86.5%
Panna Yakuta Castle
86%
Train Graveyard
86%
Frog Forest
86%
Great Salt Lake
86%
Balamb Garden-MD Level
86%
Zanarkand Ruins
86%
Via Purifico
86%
% Correct
Magyscar
86%
Torla Mountain
86%
Elene's Dream
86%
The Monster's Tower
86%
Mt Boumore
86%
Mt Zublo
86%
Mt Glaus
86%
Mt Levett
86%
Imperial Castle
86%
Astana
86%
Mt Gulg
86%
Pandaemonium
86%
Bottom of the Well
86%
The Pyramid
86%
Koopa Bros' Fortress
86%
Flower Fields
86%
Shadow Palace
86%
Melzas' Palace
85.4%
Fire Manor
85.4%
Ice Manor
85.4%
Teleportation Centre
85.4%
Polar Island
85.4%
Waterfall Cavern
85.4%
Tropical Island
85.4%
Dry Dry Ruins
85.4%
Tubba Blubba's Castle
85.4%
Crystal Palace
85.4%
Mana Fortress
85.4%
Bottle Grotto
85.4%
Terra
85.4%
Gelkis Shrine
85.4%
Ohod's Catacombs
85.4%
Rokhod's Catacombs
85.4%
Sehod's Catacombs
85.4%
Semiit Falls
85%
Gaia's Cliff & Whirlwind Maze
84.8%
Tarn Manor
84.8%
Fairy Pond
84.8%
Mutant Factory
84.8%
Cloning Centre
84.8%
The Asylum
84.8%
Marsh Cave
84.8%
Cyclone
84.8%
Jade Passage
84.8%
Edward Prison
84.8%
Inca Ruins
84.8%
Diamond Mine
84.8%
Sky Garden
84.8%
Angkor Wat
84.8%
Tail Cave
84.8%
Memoria
84.8%
Dr Funfrock's HQ
84.2%
Caer Xhan
84.2%
Steel Grave
84.2%
Factory
84.2%
Flying Fortress
84.2%
Shy Guy's Toybox
84.2%
Mt Lavalava
84.2%
Skull Dungeon
84.2%
Great Pyramid
84.2%
Dahlia Cave
84.2%
Baya Malay Tower
84.2%
Jungle
83.8%
Mt Zozo
83.7%
Mt Myrneg
83.6%
Colony
83.6%
Great Wall of China
83.6%
Mt Kress
83.6%
Blind's Hideout
83.6%
Dahlia Valley
83.6%
Freesia Castle
83.6%
Zozo
83.6%
Corona Tower
83.6%
Forgotten Tower
83.6%
Gold Saucer Desert Prison
83%
Ancient Shrine
83%
Tower of Mirage
83%
The Dreadnought
83%
Hyrule Castle
83%
Swamps
83%
Volcano
83%
Heaven
83%
Valley of the Monsters
83%
Medusa's Tower
83%
Angler's Tunnel
83%
Catfish's Maw
83%
Eagle's Tower
83%
Wind Fish's Egg
83%
Pandemonium
83%
Mt Yogy
82.7%
Passageway to Nirude Castle
82.5%
Sunken Shrine
82.5%
Mysidian Tower
82.5%
Gem's Mansion
82.5%
Bugmuck
82.5%
Hall of Collosia
82.5%
Fire Palace
82.5%
Moon Palace
82.5%
Mana Palace
82.5%
Mana Forest
82.5%
Burn Daisy
82.5%
Root Temple
82.5%
Magitek Factory
82.5%
Gauron Morgue
82.5%
Dauna Mine
81.9%
Mt Glom
81.9%
Castle Palamecia
81.9%
% Correct
Castle Fynn
81.9%
Pipelines
81.9%
Gomi's Tower
81.9%
Omnitopia
81.9%
Anemone Islands
81.9%
Floating Continent
81.9%
Water Palace
81.8%
Cargo Ship
81.3%
Nirude Castle
81.3%
Inoa Mine
81.3%
The Lighthouse
81.3%
Angel Tower
81.3%
En Jhou Ruins
81.3%
Citadel of Trials
81.3%
Terra Cavern
81.3%
Mysidian Cave
81.3%
Castle Kas'ion
81.3%
Camellia Palace
81.3%
Cave of the Laconian Shield
81.3%
Face Shrine
81.3%
Corral Valley
80.7%
Dump Site
80.7%
Shan River
80.7%
Dark Forest
80.7%
Sky Castle
80.7%
Oeilvert
80.7%
In a Dream
80.1%
Flat Lands
80.1%
The Golden Plains
80.1%
Temple of Chaos
80.1%
Underground Palace
80.1%
Wyndia Burial Grounds
79.5%
The Freighter
79.5%
Gold Palace
79.5%
Cave to South Figaro
79.5%
Cave In the Veldt
79.5%
Key Cavern
79.5%
Alexandria Castle
79.5%
The Black Ship
78.9%
Bafsk Cave
78.9%
Kefka's Tower
78.9%
Cave of the Sealed Gate
78.9%
Catacombs Under the Cemetery
78.4%
McNeil Manor
78.4%
Tidal Caves
78.4%
Tower of Fanatics
78.4%
Underground Laboratory
77.8%
Kyria Passageway
77.8%
Matango Cave
77.8%
Watery Caves
77.2%
Tower of Wind
76.6%
Cave of Sage Joch
76.6%
Jidoor-Owzer's House
76.6%
Paseo Palace
76.6%
Evil Forest
76.6%
Sanctuary
76%
Daryl's Tomb
76%
Mt Koltz
76%
Mt Gulug
76%
Gaia's Navel
75.4%
Sunken Continent
75.4%
Crescent Mountain
75.4%
Lifa Tree
75.4%
Pandora Ruins
74.9%
North Town Ruins
74.9%
Gizamaluke's Grotto
74.9%
Ipsen's Castle
74.9%
Deist Cavern
74.3%
Emperor's Castle
74.3%
Ebots Rock
74.3%
Inside Leviathan
73.7%
Underground Tomb
73.7%
Ershin's Mind
73.1%
Pinnacle Rocks
72.5%
Fossil Roo
72.5%
Cleyra's Trunk
71.9%
Snow Cavern
70.8%
Elinee's Castle
70.2%
Conde Petie Mountain Path
69.6%
Zone Eater's Belly
67.8%
Ancient Castle
67.3%
Phantom Train
67.3%
Carl's Soul
65.5%
Iphis Monument
64.3%
Silvuis Monument
57.1%
Cave of the Ancient Helm
42.9%
Ice Peak Mountains
0%
Thamasa-Burning House
0%
Village of Dali-Underground Storage
0%
Mt Gagazet
0%
The 7x Labyrinths
0%
Death Adder's Labyrinth
0%
Hamalayi Mountains
0%
Bortevo Cave
0%
Cave of the Iron Fang
0%
Casba Cave
0%
The Aero Prism Cave
0%
The Prison
0%
Naula Cave
0%
Naharu Cave
0%
Narshe-Mines
0%
Medusa's Cave
0%
Submerged Ruins
0%
Castle Ludia
0%
Chamba-Hexed Area
0%
Burmecia
0%
Toad Town Tunnels
0%
Quiz Playlist
Details
Report
Send in Message
Add To Playlist
Classic:
Type in answers that appear in a list
Last Updated: Jan 16, 2023
Quiz Scoreboard
CHALLENGE
Sign Up to Join the Scoreboard
Show All
Scores
Hide
Comments
May contain spoilers
Recently Published
Click the 1999 NBA Draft
by nibperrychub
Sports
2m
Alphabetical 'K' Countries by Flag Minefield
by ylime102
Geography
3m
Pick 6: Fruits
by JohnFran
Miscellaneous
15s
More to Explore
Quiz From the Vault
Featured Blog Post
15 Basketball Trivia Facts You Can Be March Mad About
hide this ad
You Might Also Like...
Tags
dungeon
rpg
Today's Top Quizzes in Gaming
Browse Gaming
hide this ad
Today's Top Quizzes in dungeon
Browse dungeon
Top Contributed Quizzes in Gaming
1
Order Genshin Impact characters by release date!
2
Pokémon Gen IV Logic Puzzle (HARD)
3
HARD Pokemon Logic Puzzle
4
Genshin Impact Logic Puzzle Quiz
5
Genshin Impact Logic Puzzle Quiz II
6
Overwatch Logic Puzzle
7
Danganronpa Sorting Blitz
8
Pokémon Logic Puzzle (DIFFICULT)
9
Overwatch Hero Logic II
10
FF7 Gillionaire
Explore More
Trending Topics
Anime
Disney
NBA
Crossword
Marvel
Harry Potter
Kpop
Soccer
Pokémon
WWE
Puzzle
Country
Song
The Office
NFL
hide this ad
More By:
sparkman
Quiz
Plays
Rating
Category
Featured
Created
ATP Tennis Grand Slam Finals from 1990 Onwards?
1,304
3.33
Sports
Jul 28, 2014
Dark Souls 3-Grab Bag
1,007
4.67
Gaming
May 30, 2016
Super Metroid-Grab Bag
867
4.56
Gaming
Feb 9, 2012
Plants vs Zombies Garden Warfare 2-Grab Bag
850
5.00
Gaming
Apr 12, 2016
Far Cry 3-Wildlife
765
4.50
Gaming
Jan 3, 2013
Go to Creator's Profile
Score Distribution
Quiz Creator Spotlight
sparkman
Follow
Send a Message
Quizzes Created
-
Created Quiz Play Count
-
More By This Creator
Popular Quizzes Today
1
Find the US States - No Outlines Minefield
2
Countries of Asia Without Outlines Minefield
3
Pick 6: Fruits
4
Alphabetical 'K' Countries by Flag Minefield
5
The Countries of the World
6
Click the 1999 NBA Draft
7
Match the Book to the Film X
8
Find the US States
More Gaming Quizzes
Fifa 20 Best Free Kick Takers
Quiz Lab
Trending Quizzes
Pick 6: Harry Potter
Pick 6: Golfers
Pick 6: Movie Franchises
Pick 6: Foods
Pick 6: Landmarks
Recently Updated
Women's Final Four Teams by Year
bhenderson79
Presidents Quartet II
eogle
Anything But Clue(do)
eogle
Anything But Oceanian Capitals
eogle
Anything But 7
eogle
Anything But Thing
eogle
Word Ladder: February 29
pecheneg
Song Title Questions
pecheneg
Women's NCAA Tournament #1 Seeds
pecheneg
Celebrity Mug Shots
pecheneg
Trending Topics
Disney
NBA
Kpop
Anime
Marvel
Crossword
Harry Potter
NFL
The Office
WWE
Soccer
Pokémon
Puzzle
Song
Country
Your Account Isn't Verified!
In order to create a playlist on Sporcle, you need to verify the email address you used during registration. Go to your
Sporcle Settings
to finish the process.
Report this User
Report this user for behavior that violates our
Community Guidelines
.
Details:
Send Report
Go to the Sporcle.com Mobile Site →
Comments